Statistics for Five Countries with Least Christians by Continent

Click here to take the quiz!

General Stats

  • This quiz has been taken 760 times
    (559 since last reset)
  • The average score is 20 of 30

Answer Stats

Continent#Country% Correct
Europe836Vatican City
84%
South America434,000Guyana
80%
Europe31,000San Marino
80%
South America262,000Suriname
80%
South America9 millEcuador
78%
Europe30,000Liechtenstein
78%
Europe30,000Monaco
78%
Oceania<10,000Nauru
78%
South America1.9 millUruguay
78%
South America6 millParaguay
77%
Europe78,000Andorra
76%
Oceania<11,000Tuvalu
75%
Oceania16,000Palau
73%
Oceania84,000Tonga
69%
Oceania106,000Federated States of Micronesia
66%
North America66,000Antigua and Barbuda
64%
North America101,000Grenada
64%
Africa1,000Somalia
64%
North America59,000Dominica
63%
Asia7,000Bhutan
62%
Africa53,000Djibouti
62%
North America244,000Barbados
61%
Africa15,000Comoros
60%
Asia45,000Brunei
58%
Asia300Maldives
58%
Asia41,000Yemen
57%
Africa5,000Mauritania
55%
Asia30,000Afghanistan
52%
North America247,000Belize
52%
Africa7,000Tunisia
51%

Score Distribution

Percentile by Number Answered

Percent of People with Each Score

Your Score History

You have not taken this quiz since the last reset